书目信息 |
| 题名: |
全能客厅设计精粹
|
|
| 作者: | 《全能客厅设计精粹》编写组 编 | |
| 分册: | 客厅电视墙设计 | |
| 出版信息: | 北京 机械工业出版社 2014 |
|
| 页数: | 92页 | |
| 开本: | 29cm | |
| 丛书名: | ||
| 单 册: | ||
| 中图分类: | TU241.041-64 , TU241.02-64 , TU241.041 | |
| 科图分类: | ||
| 主题词: | 客厅--室内装饰设计--图集 , 客厅 , 室内装饰设计 , 客厅--装饰墙--室内装饰设计--图集 , 装饰墙 | |
| 电子资源: | ||
| ISBN: | 978-7-111-45962-0 | |
| 000 | 01063nam0 2200289 450 | |
| 001 | 141935 | |
| 005 | 20141111150756.23 | |
| 010 | @a978-7-111-45962-0@dCNY 29.80 | |
| 100 | @a20140523d2014 em y0chiy50 ea | |
| 101 | 0 | @achi |
| 102 | @aCN@b110000 | |
| 105 | @aa z 000yy | |
| 200 | 1 | @a全能客厅设计精粹@9quan neng ke ting she ji jing cui@i客厅电视墙设计@b专著@f《全能客厅设计精粹》编写组编@F《quan neng ke ting she ji jing cui》bian xie zu bian |
| 210 | @a北京@c机械工业出版社@d2014 | |
| 215 | @a92页@d29cm | |
| 330 | @a本书收录了多幅客厅电视墙设计案例,穿插材料选购、设计技巧、施工注意事项等实用贴士。让读者对家庭装修中的各环节有一个全面的认识。 | |
| 606 | 0 | @a客厅@x室内装饰设计@j图集 |
| 606 | 0 | @a客厅 |
| 606 | 0 | @a室内装饰设计 |
| 606 | 0 | @a客厅@x装饰墙@x室内装饰设计@j图集 |
| 606 | 0 | @a装饰墙 |
| 690 | @aTU241.041-64@v5 | |
| 690 | @aTU241.02-64@v5 | |
| 690 | @aTU241.041@v4 | |
| 701 | 0 | @a《全能客厅设计精粹》编写组@A《quan neng ke ting she ji jing cui》bian xie zu@4编 |
| 801 | 0 | @aCN@bZL@c20141111 |
| 905 | @a241430@dTU241.041@eQ940 | |
| 全能客厅设计精粹.客厅电视墙设计/《全能客厅设计精粹》编写组编.-北京:机械工业出版社,2014 |
| 92页;29cm |
| ISBN 978-7-111-45962-0:CNY 29.80 |
| 本书收录了多幅客厅电视墙设计案例,穿插材料选购、设计技巧、施工注意事项等实用贴士。让读者对家庭装修中的各环节有一个全面的认识。 |
| ● |
| 相关链接 |
|
|
|
正题名:全能客厅设计精粹
索取号:TU241.041/Q940
 
预约/预借
| 序号 | 登录号 | 条形码 | 馆藏地/架位号 | 状态 | 备注 |
| 1 | 0839421 | 208394218 | 建筑库101/101建筑库 64排3列2层/ [索取号:TU241.041/Q940] | 在馆 | |
| 2 | 0839422 | 208394227 | 建筑库101/101建筑库 64排3列2层/ [索取号:TU241.041/Q940] | 在馆 | |
| 3 | 0839423 | 208394236 | 建筑库101/101建筑库 64排3列3层/ [索取号:TU241.041/Q940] | 在馆 |